Geography Quiz

Random Geography or City Quiz

Cities With Supertall Skyscrapers Quiz Stats

 Plays Quiz not verified by Sporcle

Challenge
Share
Tweet
Embed
Score 0/20 Timer 05:00
0 Plays Today
# of Supertalls City % Correct
4New York, USA
99.6%
6Chicago, USA
96.3%
7Dubai, United Arab Emirates
92.9%
1Los Angeles, USA
87.4%
3Shanghai, China
84.3%
6Hong Kong, China
82.8%
1Beijing, China
73.5%
3Kuala Lumpur, Malaysia
65.7%
2Houston, USA
61.6%
1Taipei, Taiwan
58.2%
# of Supertalls City % Correct
1Bangkok, Thailand
43.2%
1Guangzhou, China
41%
1Atlanta, USA
40.3%
1Riyadh, Saudi Arabia
36.6%
1Shenzhen, China
26.3%
1Doha, Qatar
21.8%
1Kuwait City, Kuwait
20.9%
1Wuhan, China
17.5%
1Gold Coast, Australia
9.5%
1Kaohsiung, Taiwan
4.6%

You're not logged in!

Compare scores with friends on all Sporcle quizzes.
Join for Free
OR
Log In

You Might Also Like...

Show Comments

Extras

Top Quizzes Today


Score Distribution

Your Account Isn't Verified!

In order to create a playlist on Sporcle, you need to verify the email address you used during registration. Go to your Sporcle Settings to finish the process.

Report this User

Report this user for behavior that violates our Community Guidelines.

Details: